Essentials of Management (Record no. 4759)

MARC details
000 -LEADER
fixed length control field 00326nam a2200145Ia 4500
008 - FIXED-LENGTH DATA ELEMENTS--GENERAL INFORMATION
fixed length control field 191201s2013 xx 000 0 und d
082 ## - DEWEY DECIMAL CLASSIFICATION NUMBER
Classification number 658
Item number KOE
100 ## - MAIN ENTRY--PERSONAL NAME
Personal name KOONTZ, Harold
245 #0 - TITLE STATEMENT
Title Essentials of Management
250 ## - EDITION STATEMENT
Edition statement 2nd
260 ## - PUBLICATION, DISTRIBUTION, ETC. (IMPRINT)
Place of publication, distribution, etc N. delhi
Name of publisher, distributor, etc TMH
Date of publication, distribution, etc 2013
300 ## - PHYSICAL DESCRIPTION
Extent 500
650 ## - SUBJECT ADDED ENTRY--TOPICAL TERM
Topical term or geographic name as entry element BBA
942 ## - ADDED ENTRY ELEMENTS (KOHA)
Source of classification or shelving scheme Dewey Decimal Classification
Koha item type Text Books
942 ## - ADDED ENTRY ELEMENTS (KOHA)
-- 7
Holdings
Withdrawn status Lost status Source of classification or shelving scheme Damaged status Not for loan Collection code Home library Current library Date acquired Source of acquisition Cost, normal purchase price Bill Number Total Checkouts Full call number Acc. no. / Barcode Date last seen Date last borrowed Bill Date Koha item type Checked out Public note
    Dewey Decimal Classification     BBA PIET C-LIBRARY PIET C-LIBRARY 01/02/2011 The book company 310.00 6235 3 658 KOE 17229 20/06/2022 16/06/2022 28/01/2011 Text Books    
    Dewey Decimal Classification     BBA PIET C-LIBRARY PIET C-LIBRARY 01/02/2011 The book company 310.00 6235 2 658 KOE 17230 29/05/2023 11/02/2023 28/01/2011 Text Books    
    Dewey Decimal Classification     BBA PIET C-LIBRARY PIET C-LIBRARY 01/02/2011 The book company 310.00 6235 1 658 KOE 17231 22/01/2022 22/01/2022 28/01/2011 Text Books 21/07/2022 .
    Dewey Decimal Classification     BBA PIET C-LIBRARY PIET C-LIBRARY 01/02/2011 The book company 310.00 6235 1 658 KOE 17232 02/05/2022 21/04/2022 28/01/2011 Text Books    

Design & Developed by: PIET Central Library
R70 Miles Stone Pattikalyana Samalkha Panipat 132102
mail ID :- [email protected], Phone No:- 0180-2569700 Ex.216